[Event "DVM U10 2013"]
[Site "Magdeburg GER"]
[Date "2013.12.27"]
[Round "2"]
[White "Adelmeyer, Matti"]
[Black "Lutz, Ruben"]
[Result "0-1"]
[Termination "normal"]
[Board "7.1"]
[WhiteElo "1178"]
[BlackElo "1356"]
[WhiteTeam "SG Döllnitz"]
[BlackTeam "USV TU Dresden"]
[WhiteFideId "12962520"]
[BlackFideId "12975974"]
[EventCountry "GER"]
[EventRounds "6"]
[EventType "team-swiss"]
[EventDate "2013.12.27"]

1. e4 e6 2. d4 d5 3. e5 c5 4. Nf3 Nc6 5. Bb5 Bd7 6. O-O Nge7 7. Bg5 Qb6 8. Nc3
cxd4 9. Bxc6 Nxc6 10. Na4 Qa5 11. b3 b5 12. Nb2 Qb6 13. a4 b4 14. Re1 a5 15.
Bf4 Be7 16. Bg5 Bxg5 17. Nxg5 h6 18. Qh5 O-O 19. Nh3 Rac8 20. Nf4 Ne7 21. Rac1
Rc7 22. Nbd3 Rfc8 23. Re2 Rc3 24. Qg4 Nf5 25. Nh5 Rxd3 26. Nf6+ Kh8 27. Nxd7
Qc7 28. Ree1 Rc3 29. Qd1 Qxd7 30. g3 d3 31. Qd2 dxc2 32. f4 Qa7+ 33. Kh1 Nd4
0-1

[Event "DVM U10 2013"]
[Site "Magdeburg GER"]
[Date "2013.12.27"]
[Round "2"]
[White "Schubert, Christoph"]
[Black "Hundrieser, Malte"]
[Result "0-1"]
[Termination "normal"]
[Board "7.2"]
[WhiteElo "1108"]
[BlackElo "1224"]
[WhiteTeam "USV TU Dresden"]
[BlackTeam "SG Döllnitz"]
[BlackFideId "12997153"]
[EventCountry "GER"]
[EventRounds "6"]
[EventType "team-swiss"]
[EventDate "2013.12.27"]

1. e4 c6 2. Nf3 d5 3. Nc3 d4 4. Ne2 c5 5. d3 Nc6 6. c3 e5 7. Qc2 Bg4 8. Nd2 Bd6
9. h3 Be6 10. Ng3 Nf6 11. Be2 O-O 12. O-O Rc8 13. Nf3 Re8 14. Bd2 b5 15. b3
dxc3 16. Bxc3 Nd4 17. Bxd4 cxd4 18. Qd2 b4 19. Rfc1 Rc3 20. Qd1 Qc7 21. Nd2 Rc8
22. Nc4 Bxc4 23. bxc4 Bc5 24. Nf5 g6 25. Nh6+ Kg7 26. Ng4 Nxg4 27. Bxg4 Rb8 28.
Qd2 Qa5 29. Bd1 Qa3 30. Bc2 Qb2 31. Kf1 h6 32. Ke1 Be7 33. Kd1 Bg5 34. Rcb1
Qxb1+ 35. Rxb1 Bxd2 36. Kxd2 Ra3 37. Ra1 b3 38. Bxb3 Rbxb3 39. Kc2 Rxd3 40. f3
Rac3+ 41. Kb2 Rxc4 42. Re1 Rd2+ 43. Kb1 Rxg2 44. Rf1 d3 45. Rd1 d2 46. a3 Re2
47. Kb2 Rc1 48. Rxc1 d1=Q+ 49. Kb1 Qb3+ 50. Ka1 Qa2# 0-1

[Event "DVM U10 2013"]
[Site "Magdeburg GER"]
[Date "2013.12.27"]
[Round "2"]
[White "Wittig, Marten"]
[Black "Lutz, Adam"]
[Result "0-1"]
[Termination "normal"]
[Board "7.3"]
[WhiteElo "749"]
[BlackElo "1089"]
[WhiteTeam "SG Döllnitz"]
[BlackTeam "USV TU Dresden"]
[BlackFideId "16226615"]
[EventCountry "GER"]
[EventRounds "6"]
[EventType "team-swiss"]
[EventDate "2013.12.27"]

1. e4 c5 2. Nc3 e6 3. Nf3 a6 4. Bc4 b5 5. Bd3 Nc6 6. O-O Bb7 7. e5 d6 8. Be4
Qc7 9. exd6 Bxd6 10. d4 cxd4 11. Nxd4 Nf6 12. Nxc6 Bxc6 13. Bxc6+ Qxc6 14. Bg5
Be7 15. Qe2 O-O 16. Bxf6 Bxf6 17. Ne4 Be7 18. Rad1 Rac8 19. c3 Rcd8 20. Rxd8
Rxd8 21. Qf3 Qd5 22. h3 h6 23. b3 Bd6 24. Qg4 Qe5 25. f4 Qxe4 26. Qg3 e5 27.
fxe5 Bxe5 28. Qf2 f6 29. Re1 Qc6 30. Qe3 b4 31. cxb4 Bd4 32. Kf2 Bxe3+ 33. Rxe3
Rd2+ 34. Ke1 Qc1# 0-1

[Event "DVM U10 2013"]
[Site "Magdeburg GER"]
[Date "2013.12.27"]
[Round "2"]
[White "Wehner, Tobias"]
[Black "Pietsch, Julius"]
[Result "1-0"]
[Termination "normal"]
[Board "7.4"]
[WhiteElo "992"]
[BlackElo "784"]
[WhiteTeam "USV TU Dresden"]
[BlackTeam "SG Döllnitz"]
[WhiteFideId "16224000"]
[BlackFideId "12985660"]
[EventCountry "GER"]
[EventRounds "6"]
[EventType "team-swiss"]
[EventDate "2013.12.27"]

1. e4 e5 2. Nf3 Nc6 3. Bc4 Bc5 4. c3 Nf6 5. d4 exd4 6. cxd4 Bb6 7. Nc3 d6 8.
Bb5 O-O 9. Bg5 h6 10. Bh4 a6 11. Bc4 Bg4 12. Nd5 Nxd5 13. Bxd8 Nxd8 14. Bxd5
Ba5+ 15. Ke2 Bb6 16. Re1 Ba5 17. Rf1 Bb6 18. Qd3 c6 19. Bb3 Re8 20. Kd2 Ne6 21.
Bxe6 Bxe6 22. Rad1 Bxa2 23. Qa3 Be6 24. Rfe1 Rad8 25. Qb4 c5 26. Qxb6 c4 27.
Ke2 d5 28. Kf1 dxe4 29. Rxe4 Bf5 30. Rxe8+ Rxe8 31. Qxb7 Be4 32. Qxa6 1-0

[Event "DVM U10 2013"]
[Site "Magdeburg GER"]
[Date "2013.12.27"]
[Round "2"]
[White "Bosselmann, Tom Linus"]
[Black "Stimatz, Ravi"]
[Result "0-1"]
[Termination "normal"]
[Board "8.1"]
[WhiteElo "1353"]
[BlackElo "1067"]
[WhiteTeam "Lübecker SV"]
[BlackTeam "SK Bremen-West"]
[WhiteFideId "12983845"]
[BlackFideId "12965251"]
[EventCountry "GER"]
[EventRounds "6"]
[EventType "team-swiss"]
[EventDate "2013.12.27"]

1. d4 e6 2. Nf3 d5 3. c4 c6 4. Nbd2 Nd7 5. g3 Ngf6 6. Bg2 g6 7. O-O Bg7 8. b3
b6 9. Bb2 Bb7 10. Qc2 Qc7 11. Rac1 O-O 12. Ne1 Rac8 13. e4 dxe4 14. Nxe4 Rfe8
15. Nxf6+ Nxf6 16. Nf3 c5 17. dxc5 bxc5 18. Be5 Qe7 19. Rcd1 Red8 20. Qc3 Ne4
21. Qb2 Bxe5 22. Qxe5 Qf6 23. Qxf6 Nxf6 24. Rfe1 Be4 25. Ne5 Bxg2 26. Kxg2 a5
27. Rd3 Rxd3 28. Nxd3 Rd8 29. Nxc5 Rd2 30. a4 Ng4 31. Rf1 Ne3+ 32. Kg1 Nxf1 33.
Kxf1 Rc2 34. Kg2 Kg7 35. Kf3 f5 36. Nxe6+ Kf6 37. Nc5 Ke5 38. Ke3 Kd6 39. Nb7+
Kc6 40. Nxa5+ Kb6 41. b4 Ra2 42. c5+ Kc7 43. Kd4 Rxa4 44. Kc4 Ra2 45. Kb5 Rxf2
46. Ka6 Rc2 47. c6 g5 48. b5 f4 49. b6+ Kb8 50. c7+ Kc8 51. Ka7 Rb2 52. b7+
Kxc7 53. Nc4 Ra2+ 0-1

[Event "DVM U10 2013"]
[Site "Magdeburg GER"]
[Date "2013.12.27"]
[Round "2"]
[White "Guse, Jannis"]
[Black "Glinzner, Alva"]
[Result "0-1"]
[Termination "normal"]
[Board "8.2"]
[WhiteElo "972"]
[BlackElo "1070"]
[WhiteTeam "SK Bremen-West"]
[BlackTeam "Lübecker SV"]
[BlackFideId "16206169"]
[EventCountry "GER"]
[EventRounds "6"]
[EventType "team-swiss"]
[EventDate "2013.12.27"]

1. d4 d5 2. Bf4 Bf5 3. e3 e6 4. Nf3 Bd6 5. Bg3 Bxg3 6. hxg3 Qe7 7. Bd3 Qf6 8.
c3 Nd7 9. Qc2 Ne7 10. Nbd2 Nb6 11. O-O-O O-O-O 12. Ne5 Kb8 13. g4 Bg6 14. Ndf3
h6 15. g5 hxg5 16. Ng4 Bxd3 17. Qxd3 Qg6 18. Qxg6 Nxg6 19. Nxg5 Rhf8 20. Rh7
Rd7 21. Rxg7 Re7 22. f4 f5 23. Rxe7 Nxe7 24. Ne5 Rf6 25. a4 Kc8 26. b3 Nd7 27.
Nxd7 Kxd7 28. Kc2 Kd6 29. Rh1 c5 30. Kd3 b6 31. Rg1 Nc6 32. g4 a5 33. Nf3 Rg6
34. g5 Ne7 35. Ne5 Rg7 36. g6 Ng8 37. Nf7+ Ke7 38. Ne5 Kd6 39. Nf7+ Ke7 40. Ne5
Kf6 41. Nd7+ Rxd7 42. dxc5 bxc5 43. Rg5 e5 44. c4 d4 45. Kd2 dxe3+ 46. Kxe3
exf4+ 47. Kxf4 Nh6 48. Rg3 Rg7 49. Kf3 Rxg6 50. Rxg6+ Kxg6 0-1

[Event "DVM U10 2013"]
[Site "Magdeburg GER"]
[Date "2013.12.27"]
[Round "2"]
[White "Schönweiler, Elisabeth"]
[Black "Grone, Marvin"]
[Result "0-1"]
[Termination "normal"]
[Board "8.3"]
[WhiteElo "966"]
[BlackElo "1003"]
[WhiteTeam "Lübecker SV"]
[BlackTeam "SK Bremen-West"]
[WhiteFideId "12997005"]
[EventCountry "GER"]
[EventRounds "6"]
[EventType "team-swiss"]
[EventDate "2013.12.27"]

1. e4 e5 2. Nf3 Nc6 3. Bc4 Nf6 4. d3 d6 5. Bg5 Bg4 6. Nc3 Be7 7. h3 Bh5 8. g4
Bg6 9. Qd2 h6 10. Bxf6 Bxf6 11. O-O-O O-O 12. h4 Na5 13. g5 Nxc4 14. dxc4 hxg5
15. hxg5 Be7 16. Rh2 f6 17. gxf6 Rxf6 18. Rh3 Rxf3 19. Rxf3 Bg5 20. Re3 Bxe3
21. Qxe3 b6 22. Rg1 Qf6 23. Nd5 Qf7 24. Qg3 Bxe4 25. Nc3 Bb7 26. Qg6 Qxg6 27.
Rxg6 Rf8 28. Kd2 Rxf2+ 29. Kd3 e4+ 30. Ke3 Rxc2 31. Nxe4 Bxe4 32. Kxe4 Rxc4+
33. Kd5 Rc2 34. Rg4 Rxb2 35. Kc6 Rxa2 36. Kxc7 d5 37. Kd6 Ra5 38. Kc6 Rc5+ 39.
Kb7 Rc4 40. Rg5 d4 41. Rd5 Ra4 42. Rd7 g5 43. Rd5 Kf7 44. Rxg5 Ke6 45. Kc6 b5
46. Kxb5 Ra1 47. Kc4 Rd1 48. Rg3 a5 49. Rd3 Rxd3 50. Kxd3 Kd5 51. Kc2 Kc4 52.
Kd2 a4 53. Kc2 a3 54. Kb1 d3 55. Kc1 Kc3 56. Kb1 d2 57. Ka2 d1=Q 58. Kxa3 Qb3#
0-1

[Event "DVM U10 2013"]
[Site "Magdeburg GER"]
[Date "2013.12.27"]
[Round "2"]
[White "Müller, Nikica"]
[Black "Rietschel, Tilo"]
[Result "0-1"]
[Termination "normal"]
[Board "8.4"]
[WhiteElo "871"]
[BlackElo "1127"]
[WhiteTeam "SK Bremen-West"]
[BlackTeam "Lübecker SV"]
[WhiteFideId "16235819"]
[BlackFideId "16208390"]
[EventCountry "GER"]
[EventRounds "6"]
[EventType "team-swiss"]
[EventDate "2013.12.27"]

1. e4 e5 2. Nf3 Nc6 3. Bb5 a6 4. Ba4 b5 5. Bb3 Nf6 6. Ng5 d5 7. exd5 Nxd5 8. d3
h6 9. Nc3 Nce7 10. Nxd5 Nxd5 11. Ne4 Bb7 12. O-O c5 13. Qf3 Qd7 14. a4 f5 15.
Nd2 Nf4 16. Qe3 Bd6 17. g3 Nh3# 0-1

[Event "DVM U10 2013"]
[Site "Magdeburg GER"]
[Date "2013.12.27"]
[Round "2"]
[White "Grabbel, Lennart"]
[Black "Garbuz, Nicole"]
[Result "1-0"]
[Termination "normal"]
[Board "9.1"]
[WhiteElo "1221"]
[BlackElo "1267"]
[WhiteTeam "Hamburger SK"]
[BlackTeam "SF Dortmund-Brackel 1930"]
[WhiteFideId "16201620"]
[BlackFideId "12990701"]
[EventCountry "GER"]
[EventRounds "6"]
[EventType "team-swiss"]
[EventDate "2013.12.27"]

1. d4 d5 2. c4 c6 3. Nc3 e6 4. Nf3 Nd7 5. e3 Bd6 6. Qc2 Ngf6 7. Bd3 e5 8. dxe5
Bxe5 9. cxd5 cxd5 10. O-O Bxc3 11. Qxc3 O-O 12. Re1 Qb6 13. b3 Nc5 14. Be2 Nfe4
{nicht mehr nachvollziehbar} 1-0

[Event "DVM U10 2013"]
[Site "Magdeburg GER"]
[Date "2013.12.27"]
[Round "2"]
[White "Wastian, Mareike"]
[Black "Müller, Marvin"]
[Result "1-0"]
[Termination "normal"]
[Board "9.2"]
[WhiteElo "1564"]
[BlackElo "871"]
[WhiteTeam "SF Dortmund-Brackel 1930"]
[BlackTeam "Hamburger SK"]
[WhiteFideId "12947423"]
[BlackFideId "16214528"]
[EventCountry "GER"]
[EventRounds "6"]
[EventType "team-swiss"]
[EventDate "2013.12.27"]

1. e4 e5 2. Nf3 Nf6 3. Nxe5 d6 4. Nf3 Nxe4 5. Nc3 Nxc3 6. dxc3 Bg4 7. h3 Bxf3
8. gxf3 Nc6 9. Be3 d5 10. Qd2 Be7 11. Bd3 Qd7 12. O-O-O O-O-O 13. Bd4 Bf6 14.
Qf4 Bxd4 15. cxd4 h6 16. Bf5 g5 17. Bxd7+ Rxd7 18. Qf6 Rh7 19. Rde1 Nd8 20. Re8
a6 21. Rxd8+ Rxd8 22. Qf5+ Kb8 23. Qxh7 Rf8 24. Re1 Ka7 25. Re7 a5 26. Rxf7
Rxf7 27. Qxf7 c6 28. Qg6 Kb6 29. Qxh6 a4 30. Qxg5 Kb5 31. a3 b6 32. Qd2 Ka6 33.
b3 b5 34. bxa4 bxa4 35. Qb4 c5 36. Qb8 cxd4 37. h4 d3 38. cxd3 d4 39. h5 Ka5
40. h6 Ka6 {Rest nicht nachvollziehbar} 1-0

[Event "DVM U10 2013"]
[Site "Magdeburg GER"]
[Date "2013.12.27"]
[Round "2"]
[White "Dietrich, Leif"]
[Black "Kracht, Raphael"]
[Result "0-1"]
[Termination "normal"]
[Board "9.3"]
[WhiteElo "779"]
[BlackElo "1041"]
[WhiteTeam "Hamburger SK"]
[BlackTeam "SF Dortmund-Brackel 1930"]
[WhiteFideId "16293860"]
[BlackFideId "16214382"]
[EventCountry "GER"]
[EventRounds "6"]
[EventType "team-swiss"]
[EventDate "2013.12.27"]

1. e4 e6 2. Nf3 d5 3. exd5 exd5 4. Qe2+ Be6 5. d4 Nc6 6. Bg5 Be7 7. Bf4 Nf6 8.
Nc3 O-O 9. Qd2 Re8 10. Bd3 Bg4 11. O-O-O Bb4 12. h3 Bd7 13. Bg5 h6 14. Bh4 Qe7
15. Rhe1 Bxc3 16. Qxc3 Qd6 17. Ne5 Rad8 18. a3 Re7 19. g4 Rde8 20. f4 a5 21.
Bf1 Re6 22. Bg2 b5 23. g5 hxg5 24. Bxg5 Nh7 25. h4 f6 26. Nxd7 Qxd7 27. Bh3
fxg5 28. Rxe6 Rxe6 29. Kd2 Nf6 30. hxg5 Ne4+ 31. Kd3 Nxc3 32. bxc3 Qf7 33. f5
Re4 34. g6 Qe7 35. f6 Re3+ 36. Kd2 Re2+ 37. Kc1 Qe3+ 38. Kb2 Qxh3 39. f7+ Kf8
40. Ka1 Qxc3+ 41. Kb1 Rxc2 42. Rc1 Qb2# 0-1

[Event "DVM U10 2013"]
[Site "Magdeburg GER"]
[Date "2013.12.27"]
[Round "2"]
[White "Farhoudah, Majd"]
[Black "Weber, Kian"]
[Result "0-1"]
[Termination "normal"]
[Board "9.4"]
[WhiteElo "1012"]
[BlackElo "600"]
[WhiteTeam "SF Dortmund-Brackel 1930"]
[BlackTeam "Hamburger SK"]
[BlackFideId "16234928"]
[EventCountry "GER"]
[EventRounds "6"]
[EventType "team-swiss"]
[EventDate "2013.12.27"]

1. e4 e5 2. Nf3 Nc6 3. Bc4 Bc5 4. c3 Nf6 5. d4 Bb6 6. Ng5 O-O 7. O-O h6 8. Nf3
Re8 9. Qb3 Re7 10. Re1 Na5 11. Qa4 c6 12. Bd3 c5 13. dxe5 Ng4 14. h3 Nxe5 15.
Nxe5 Rxe5 16. Bf4 Re6 17. b4 Nc6 18. Nd2 Rf6 19. Bg3 d6 20. Bh4 g5 21. Bg3 Bd7
22. Qb3 a5 23. a3 a4 24. Qc2 Bc7 25. h4 d5 26. Bxc7 Qxc7 27. exd5 Ne5 28. Bh7+
Kg7 29. bxc5 Qxc5 30. Ne4 Qxd5 31. Nxf6 Kxf6 32. Rad1 Qc5 33. Qd2 Qc7 34. Qd6+
Qxd6 35. Rxd6+ Ke7 36. Rd5 f6 37. hxg5 Ke6 38. Rd4 fxg5 39. Rde4 Ra5 40. g3 Kf6
41. f4 Nf3+ 42. Kf2 Nxe1 43. Kxe1 Be6 44. fxg5+ Rxg5 45. Kf2 Rc5 46. Rxa4 Rxc3
47. Ra7 Rb3 48. Be4 b5 49. Ra6 Ke5 50. Bc6 Bc4 51. Bf3 b4 52. axb4 Bxa6 53. Bd1
Rxb4 54. g4 Kf4 55. Kg2 h5 56. gxh5 Kg5 57. Kg3 Bb5 58. Kh3 Be8 59. Kg2 Bxh5
60. Bc2 Rb2 0-1

[Event "DVM U10 2013"]
[Site "Magdeburg GER"]
[Date "2013.12.27"]
[Round "2"]
[White "Block, Timo"]
[Black "Brockhoff, Moritz"]
[Result "0-1"]
[Termination "normal"]
[Board "10.2"]
[WhiteElo "930"]
[BlackElo "1258"]
[WhiteTeam "SF Bremer Osten"]
[BlackTeam "SK Blauer Springer Paderborn 1"]
[WhiteFideId "16201116"]
[BlackFideId "16214927"]
[EventCountry "GER"]
[EventRounds "6"]
[EventType "team-swiss"]
[EventDate "2013.12.27"]

1. e4 e6 2. d4 d5 3. e5 c5 4. Nf3 Qb6 5. Nc3 a6 6. Be2 Nc6 7. Be3 Qxb2 8. Bd2
Nxd4 9. Nxd4 cxd4 10. Na4 Qa3 11. Nb6 Rb8 12. O-O Bc5 13. Nxc8 Rxc8 14. g3 Ne7
15. Bd3 Nc6 16. Re1 Nb4 17. Bxb4 Bxb4 18. Rf1 Bc3 19. Rb1 b5 20. Qe2 Qxa2 21.
Qd1 b4 22. Rb3 a5 23. Bb5+ Kf8 24. Ba6 Ra8 25. Qe2 a4 26. Rbb1 b3 27. Bb7 Ra7
28. Bc6 g6 29. cxb3 Qxe2 30. bxa4 Qxe5 0-1

[Event "DVM U10 2013"]
[Site "Magdeburg GER"]
[Date "2013.12.27"]
[Round "2"]
[White "Siol, Mats Lennart"]
[Black "Pfluger, Jan"]
[Result "1-0"]
[Termination "normal"]
[Board "10.3"]
[WhiteElo "966"]
[BlackElo "905"]
[WhiteTeam "SK Blauer Springer Paderborn 1"]
[BlackTeam "SF Bremer Osten"]
[WhiteFideId "16229240"]
[BlackFideId "16218299"]
[EventCountry "GER"]
[EventRounds "6"]
[EventType "team-swiss"]
[EventDate "2013.12.27"]

1. e4 e5 2. Nf3 Nc6 3. Bc4 Bc5 4. Nc3 Nf6 5. d3 h6 6. Bd2 O-O 7. O-O d6 8. Qe2
Bg4 9. h3 Bh5 10. g4 Bg6 11. Nh4 Nd4 12. Qd1 Rc8 13. Be3 d5 14. exd5 Nxd5 15.
Bxd5 Qxh4 16. Kg2 Rcd8 17. Bxb7 f6 18. Bd5+ Bf7 19. Bxf7+ Rxf7 20. Bxd4 Rxd4
21. Qf3 Rf4 22. Qd5 Rxf2+ 23. Rxf2 Qxf2+ 24. Kh1 Kf8 25. Qd8# 1-0

[Event "DVM U10 2013"]
[Site "Magdeburg GER"]
[Date "2013.12.27"]
[Round "2"]
[White "Koch, Nico"]
[Black "Prieb, Robert"]
[Result "0-1"]
[Termination "normal"]
[Board "10.4"]
[WhiteElo "600"]
[BlackElo "898"]
[WhiteTeam "SF Bremer Osten"]
[BlackTeam "SK Blauer Springer Paderborn 1"]
[BlackFideId "16212002"]
[EventCountry "GER"]
[EventRounds "6"]
[EventType "team-swiss"]
[EventDate "2013.12.27"]

1. e4 e6 2. d4 d5 3. exd5 exd5 4. Nc3 Nf6 5. Nf3 Bd6 6. Bg5 h6 7. Bh4 Be6 8.
Bd3 Nc6 9. Qe2 O-O 10. O-O Be7 11. Nb5 a6 12. Na3 Bg4 13. h3 Bh5 14. c3 Re8 15.
Bc2 Bxa3 16. Qd3 Bxb2 17. Rae1 Rxe1 18. Rxe1 Bg6 19. Bxf6 Qxf6 20. Qd2 Ba3 21.
Ne5 Nxe5 22. dxe5 Qe6 23. Bb3 c6 24. Qd4 Rd8 25. c4 Be7 26. Rd1 dxc4 27. Qb6
Rxd1+ 28. Bxd1 Qd7 29. Bg4 Qd5 30. Qb2 Be4 31. Qe2 Bxg2 32. f3 Qd3 33. Qxg2
Bc5+ 34. Kh1 Qd1+ 35. Kh2 c3 36. f4 c2 37. Bxd1 cxd1=Q 38. f5 {nicht mehr
nachvollziehbar} 0-1

[Event "DVM U10 2013"]
[Site "Magdeburg GER"]
[Date "2013.12.27"]
[Round "2"]
[White "Matthiessen, Linus"]
[Black "Kühne, Leon"]
[Result "0-1"]
[Termination "normal"]
[Board "11.1"]
[WhiteElo "1053"]
[BlackElo "1256"]
[WhiteTeam "SK Blauer Springer Paderborn 2"]
[BlackTeam "Schachzwerge Magdeburg 1"]
[WhiteFideId "16222555"]
[BlackFideId "12943568"]
[EventCountry "GER"]
[EventRounds "6"]
[EventType "team-swiss"]
[EventDate "2013.12.27"]

1. d4 d5 2. Nf3 Nc6 3. Bf4 Nf6 4. e3 e6 5. c3 Be7 6. Bd3 Ne4 7. Nbd2 Nd6 8. Ne5
Bd7 9. h4 Bf6 10. Qg4 h5 11. Qg3 Qe7 12. Bg5 Bxg5 13. hxg5 O-O-O 14. Be2 g6 15.
O-O Nf5 16. Nxc6 Bxc6 17. Qf4 h4 18. e4 Nd6 19. exd5 Bxd5 20. Bf3 Bxf3 21. Nxf3
h3 22. gxh3 Rxh3 23. Qg4 Rdh8 24. Kg2 f5 25. Qf4 R3h5 26. Rae1 Nf7 27. Re2 Nxg5
28. Nxg5 Rxg5+ 29. Kf3 Rg4 30. Qe5 Rh3+ 31. Qg3 Rgxg3+ 32. fxg3 Qd6 33. Rg1
Qd5+ 34. Kf2 f4 35. a3 fxg3+ 36. Rxg3 Rxg3 37. Kxg3 Qg5+ 38. Kf2 Qf4+ 39. Ke1
Kd7 40. Kd1 Qf1+ 41. Kd2 g5 42. Re4 Qf3 43. Re5 g4 44. Re1 g3 45. Kc2 g2 46.
Rg1 Qf2+ 47. Kb3 Qxg1 48. Ka4 Qd1+ 49. b3 g1=Q 50. Kb4 Qg5 51. c4 Qdd2+ 52. Ka4
Qda5# 0-1

[Event "DVM U10 2013"]
[Site "Magdeburg GER"]
[Date "2013.12.27"]
[Round "2"]
[White "Morgenstern, Tobias"]
[Black "Schmidtmann, Kimberly"]
[Result "0-1"]
[Termination "normal"]
[Board "11.2"]
[WhiteElo "1073"]
[BlackElo "1310"]
[WhiteTeam "Schachzwerge Magdeburg 1"]
[BlackTeam "SK Blauer Springer Paderborn 2"]
[WhiteFideId "12974390"]
[BlackFideId "12967106"]
[EventCountry "GER"]
[EventRounds "6"]
[EventType "team-swiss"]
[EventDate "2013.12.27"]

1. e4 e5 2. Nf3 Nc6 3. Bc4 Bc5 4. d3 d6 5. Ng5 Qf6 6. O-O Be6 7. Nxe6 fxe6 8.
Be3 Nge7 9. Bxc5 dxc5 10. Nd2 O-O 11. Nf3 Ng6 12. Qd2 Nf4 13. Qe3 Qg6 14. Nh4
Qg4 15. Qg3 Ne2+ 16. Kh1 Nxg3+ 17. hxg3 Qe2 18. Bxe6+ Kh8 19. g4 Rxf2 20. Rfe1
Qxg4 0-1

[Event "DVM U10 2013"]
[Site "Magdeburg GER"]
[Date "2013.12.27"]
[Round "2"]
[White "Janke, Julian"]
[Black "von Pokrzywnicki, Moritz"]
[Result "0-1"]
[Termination "normal"]
[Board "11.3"]
[WhiteElo "894"]
[BlackElo "1016"]
[WhiteTeam "SK Blauer Springer Paderborn 2"]
[BlackTeam "Schachzwerge Magdeburg 1"]
[WhiteFideId "16229185"]
[BlackFideId "12943541"]
[EventCountry "GER"]
[EventRounds "6"]
[EventType "team-swiss"]
[EventDate "2013.12.27"]

1. e4 e5 2. d4 exd4 3. Qxd4 Nc6 4. Qd3 g6 5. Qf3 Nf6 6. Bc4 Bg7 7. Bg5 Ne5 8.
Qc3 Nxc4 9. Qxc4 O-O 10. e5 Ne8 11. Bf4 d6 12. exd6 Nxd6 13. Bxd6 Qxd6 14. Qa4
Qc5 15. Nc3 Be6 16. Nf3 Bxc3+ 17. bxc3 Qxc3+ 18. Ke2 Bc4+ 19. Kd1 Qxa1+ 20. Kd2
Qxh1 21. Qxc4 Qxg2 22. Qe2 Rad8+ 0-1

[Event "DVM U10 2013"]
[Site "Magdeburg GER"]
[Date "2013.12.27"]
[Round "2"]
[White "Eschner, Fabian"]
[Black "Yin, Haode"]
[Result "1-0"]
[Termination "normal"]
[Board "11.4"]
[WhiteElo "849"]
[BlackElo "600"]
[WhiteTeam "Schachzwerge Magdeburg 1"]
[BlackTeam "SK Blauer Springer Paderborn 2"]
[WhiteFideId "16232860"]
[BlackFideId "16261348"]
[EventCountry "GER"]
[EventRounds "6"]
[EventType "team-swiss"]
[EventDate "2013.12.27"]

1. e4 e6 2. d4 d5 3. Nc3 c5 4. exd5 exd5 5. Nf3 c4 6. Bf4 Nf6 7. Nb5 Bb4+ 8. c3
Qe7+ 9. Qe2 Qxe2+ 10. Bxe2 Bxc3+ 11. bxc3 O-O 12. Nc7 Na6 13. Nxa8 Ne8 14. Bd1
Be6 15. Ba4 Nf6 16. Nc7 Nxc7 17. Bd6 Rc8 18. Bxc7 Rxc7 19. O-O Bf5 20. Nd2 Bd3
21. Rfe1 g6 22. Re8+ Kg7 23. Rd8 Re7 24. Rxd5 Re2 25. Nf3 Be4 26. Rc5 Bd3 27.
Rd1 b6 28. Rc7 a6 29. Bc6 Bc2 30. Re1 Rxe1+ 31. Nxe1 Bd3 32. Nxd3 cxd3 33. Kf1
d2 34. Ke2 b5 35. Ra7 Kh6 36. Rxa6 {nicht mehr nachvollziehbar} 1-0

[Event "DVM U10 2013"]
[Site "Magdeburg GER"]
[Date "2013.12.27"]
[Round "2"]
[White "Kukulina, Sonja"]
[Black "Keil, Emil"]
[Result "1-0"]
[Termination "normal"]
[Board "12.1"]
[WhiteElo "1229"]
[BlackElo "848"]
[WhiteTeam "SK München Südost"]
[BlackTeam "SV Empor Erfurt 2"]
[WhiteFideId "12977047"]
[EventCountry "GER"]
[EventRounds "6"]
[EventType "team-swiss"]
[EventDate "2013.12.27"]

1. e4 e5 2. Nf3 Nc6 3. Bc4 Bc5 4. c3 Nf6 5. d4 Bd6 6. dxe5 Bxe5 7. Ng5 O-O 8.
Nd2 h6 9. Ngf3 d5 10. exd5 Nxd5 11. Ne4 Be6 12. Nc5 Rb8 13. O-O Qd6 14. Ne4 Qd8
15. Nc5 Re8 16. Bb5 Bf6 17. Bc4 Nb6 18. Nxe6 fxe6 19. Bb3 Na5 20. Re1 Nxb3 21.
Qxb3 Qe7 22. Bf4 {nicht mehr nachvollziehbar} 1-0

[Event "DVM U10 2013"]
[Site "Magdeburg GER"]
[Date "2013.12.27"]
[Round "2"]
[White "Greim, Fridolin"]
[Black "Grunert, Friedrich"]
[Result "0-1"]
[Termination "normal"]
[Board "12.2"]
[WhiteElo "888"]
[BlackElo "600"]
[WhiteTeam "SV Empor Erfurt 2"]
[BlackTeam "SK München Südost"]
[WhiteFideId "16212320"]
[BlackFideId "12995592"]
[EventCountry "GER"]
[EventRounds "6"]
[EventType "team-swiss"]
[EventDate "2013.12.27"]

1. e4 e6 2. d4 d5 3. e5 c5 4. Be3 Qb6 5. b3 Nc6 6. Nf3 f6 7. Qd3 fxe5 8. dxe5
Nge7 9. Nbd2 Ng6 10. Qc3 d4 11. Nxd4 Nxd4 12. Bxd4 cxd4 13. Qd3 Nxe5 14. Qe4
Bd6 15. Nf3 Nxf3+ 16. Qxf3 e5 17. Bc4 Rf8 18. Qg3 Qb4+ 19. Kd1 Qc3 20. Qxc3
dxc3 21. Ke2 Bc5 22. Rad1 {nicht mehr nachvollziehbar} 0-1

[Event "DVM U10 2013"]
[Site "Magdeburg GER"]
[Date "2013.12.27"]
[Round "2"]
[White "Cheng, Dino Liwen"]
[Black "Meyers, Jakob"]
[Result "0-1"]
[Termination "normal"]
[Board "12.3"]
[WhiteElo "600"]
[BlackElo "760"]
[WhiteTeam "SK München Südost"]
[BlackTeam "SV Empor Erfurt 2"]
[EventCountry "GER"]
[EventRounds "6"]
[EventType "team-swiss"]
[EventDate "2013.12.27"]

1. e4 e5 2. Nf3 Nc6 3. Bc4 Bc5 4. c3 Nf6 5. d3 d6 6. Nbd2 Be6 7. Nf1 Qd7 8. Ng3
O-O-O 9. Bxe6 fxe6 10. O-O d5 11. b4 Bb6 12. Qe2 dxe4 13. Nxe4 Qxd3 14. Qxd3
Rxd3 15. Nc5 Bxc5 16. bxc5 Rxc3 17. Be3 h6 18. Rab1 e4 19. Bd2 Rxc5 20. Nh4 g5
21. Ng6 Rg8 22. Be3 Rc2 23. Bxa7 Nxa7 24. Ne7+ Kd7 25. Nxg8 Nxg8 26. Rfd1+ Ke7
27. Rxb7 Rxa2 28. Rxc7+ Kf6 29. h3 Nb5 30. Rb7 Nc3 31. Rc1 Ne2+ 32. Kf1 Nxc1
0-1

[Event "DVM U10 2013"]
[Site "Magdeburg GER"]
[Date "2013.12.27"]
[Round "2"]
[White "Reuter, Elisa"]
[Black "Huber, Jakob"]
[Result "1-0"]
[Termination "normal"]
[Board "12.4"]
[WhiteElo "833"]
[BlackElo "600"]
[WhiteTeam "SV Empor Erfurt 2"]
[BlackTeam "SK München Südost"]
[WhiteFideId "12995444"]
[BlackFideId "16226070"]
[EventCountry "GER"]
[EventRounds "6"]
[EventType "team-swiss"]
[EventDate "2013.12.27"]

1. e4 e6 2. d4 d5 3. e5 c5 4. Bb5+ Nc6 5. Bxc6+ bxc6 6. dxc5 Bxc5 7. Nf3 Nh6 8.
Bxh6 gxh6 9. O-O Bb7 10. Qd2 Qc7 11. Qxh6 O-O-O 12. c3 Bf8 13. Qe3 Be7 14. Qxa7
Rdg8 15. g3 Qb8 16. Qxb8+ Kxb8 17. Nbd2 Ba6 18. Rfd1 Be2 19. Re1 Bxf3 20. Nxf3
f5 21. exf6 Bxf6 22. Rxe6 Rf8 23. Rxc6 h5 24. h4 Rc8 25. Rxf6 Rc7 26. Rh6 Rhc8
27. Rxh5 d4 28. cxd4 Rc1+ 29. Rxc1 Rxc1+ 30. Kg2 Rc2 31. b3 Kb7 32. d5 1-0